[Event "Lucky op 2nd"]
[Site "Hamburg"]
[Date "1999.10.21"]
[Round "8"]
[White "Eggers, Heiko"]
[Black "Maywald, Heinrich"]
[Result "1-0"]
[WhiteElo "1044"]
[BlackElo "870"]
[PlyCount "61"]
[EventDate "1999.10.??"]
[EventType "swiss"]
[EventRounds "9"]
[EventCountry "GER"]
[SourceTitle "EXT 2001"]
[Source "ChessBase"]
[SourceDate "2000.11.22"]
[SourceVersion "1"]
[SourceVersionDate "2000.11.22"]
[SourceQuality "1"]

1. Nf3 Nf6 2. g3 g6 3. Bg2 Bg7 4. d3 d5 5. 0-0 0-0 6. Nbd2 Nbd7 7. c3 c6 8. Qc2 e5 9. e4 Qe7 10. b4 dxe4 11. dxe4 b5 12. Nb3 Qe6 13. Ng5 Qd6 14. Be3 Re8 15. Rad1 Qc7 16. h3 Nb6 17. Bxb6 Qxb6 18. Nc5 h6 19. Nf3 a5 20. Rd2 axb4 21. cxb4 Bb7 22. Rfd1 Rac8 23. Qc3 Nh5 24. Rd7 Ba8 25. Qb3 Rf8 26. R1d2 Rcd8 27. Nh4 g5 28. Ng6 Rfe8 29. Qxf7+ Kh7 30. Bf3 Rf8 31. Nxf8+ 1-0